| 000 | 00884nam a22003017a 4500 | ||
|---|---|---|---|
| 001 | 0061601 | ||
| 003 | KOHA_MİRAKIL | ||
| 005 | 20260207004345.0 | ||
| 007 | ta | ||
| 008 | 171121b2011 tu |||gr||||#||||0|tur | | ||
| 020 | _a9789756938515 | ||
| 040 |
_aTR-BiSEU _btur _cTR-BiSEU _erda |
||
| 041 | 0 | _atur | |
| 044 | _ctu | ||
| 050 |
_aRS164 _b.G65 2011 |
||
| 100 | 1 | _aGökçe, Nil Peri. | |
| 245 | 1 |
_aDoğanın mucizesi şifalı bitkiler/ _cNil Peri Gökçe ; Nil Peri Gökçe. |
|
| 250 | _a3. Baskı | ||
| 264 | 1 |
_aİstanbul : _bSis Yayıncılık _c2011 |
|
| 300 | _a262 sayfa; 21 cm. | ||
| 336 |
_ametin _btxt _2rdacontent |
||
| 337 |
_aaracısız _bn _2rdamedia |
||
| 338 |
_acilt _bnc _2rdacarrier |
||
| 490 | 1 |
_aSis Yayıncılık ; _v55. |
|
| 650 | 0 |
_aŞifalı bitkiler--Tedavide kullanım. _95345 |
|
| 830 | 1 |
_aSis Yayıncılık ; _v55. _913502 |
|
| 942 |
_2lcc _cBK |
||
| 999 |
_c61399 _d61399 |
||